| Поле | Название | Значение |
| |
Тип записи |
c |
| |
Библиографический уровень |
m |
| 001 |
Контрольный номер |
UONB/MAIN/60bf6830eed44950aaa1d06f4678955b |
| 005 |
Дата корректировки |
20251002141806.2 |
| 010 |
Индекс ISBN |
__ |
| 9 |
Тираж |
2000 экз. |
| 013 |
Номер (ISMN) |
__ |
| a |
Номер (ISMN) |
979-0-66003-876-5 |
| d |
Цена |
388 р. 8 к. |
| 100 |
Данные общей обработки |
__ |
| a |
Данные общей обработки |
20250814d2024 u y0rusy0189 ca |
| 101 |
Язык документа |
0_ |
| a |
Язык текста |
rus |
| f |
Язык титульного листа |
rus |
| 102 |
Страна публикации |
__ |
| a |
Страна публикации |
RU |
| 125 |
Кодированные данные звукозаписи и нотных изданий |
__ |
| a |
Форма изложения нотного текста |
с |
| 128 |
Кодированные данные (звукозаписи-физические характеристики) |
__ |
| a |
Кодированные данные: Музыкальная форма и тональность или лад |
zz |
| b |
Инструменты или голоса, необходимые для ансамблей (устаревшее) |
ka |
| c |
Инструменты или голоса, рекомендуемые для солистов (устаревшее) |
ka |
| 200 |
Заглавие и сведения об ответственности |
1_ |
| a |
Заглавие |
Вып. 1 |
| 203 |
Вид содержания и тип средства |
__ |
| a |
Вид содержания |
Музыка |
| b |
Характеристика содержания |
знаковая |
| c |
Тип средства |
непосредственная |
| 210 |
Выходные данные |
1_ |
| d |
Дата издания |
2024 |
| 215 |
Физическое описание |
__ |
| a |
Объем |
63, [1] с. |
| 327 |
Примечание о содержании |
11 |
| a |
Примечание о содержании |
Содерж.: Люлли Ж. Гавот. Бах И. С. Ария. Бах Ф. Э. Сольфеджио. Моцарт В. А. Турецкое рондо из Сонаты Ля мажор. Шуберт Ф. Серенада. Грибоедов А. Вальс. - Огинский М. Полонез. Шопен Ф. Вальс : соч. 69 № 2. Штраус И. На прекрасном голубом Дунае. Чайковский П.Баркарола из цикла "Времена года" ; Сентиментальный Вальс : соч. 51 № 6. Брамс И. Венгерский танец № 5. Верди Дж. Триумфальный марш из оперы "Аида" : фрагмент. Дебюсси К. Маленький негритенок. Монти Ф. Чардаш. Свиридов Г. Вальс из музыкальных иллюстраций к повести А. Пушкина "Метель". АНСАМБЛИ : Бах И. С. Шутка из оркестровой сюиты си минор. Шуберт Ф. Вальс. Мендельсон Ф. Свадебный марш из музыки к комедии В. Шекспира "Сон в летнюю ночь". Чайковский П. Танец пастушков из балета "Щелкунчик" ; Танец маленьких лебедей из балета "Лебединое озеро" |
| 333 |
Примечание о целевом назначении |
__ |
| a |
Примечание о целевом назначении |
0+ |
| 461 |
Уровень набора |
_0 |
| 1 |
|
2001 |
| a |
|
Самые любимые |
| e |
|
пьесы и ансамбли для фортепиано в простом переложении |
| e |
|
[в 2 вып.] |
| f |
|
составитель Д. В. Волкова |
| v |
|
Вып. 1 |
| 1 |
|
2101 |
| a |
|
Ростов-на-Дону |
| c |
|
Феникс |
| d |
|
2024 |
| 1 |
|
001UONB/MAIN/7ea77834876646f5b866c3cfdcf3a324 |
| 1 |
|
203 |
| a |
|
Музыка |
| b |
|
знаковая |
| c |
|
непосредственная |
| 1 |
|
215 |
| d |
|
29 см |
| 1 |
|
2251 |
| a |
|
Любимые мелодии |
| 464 |
Аналитический уровень |
_0 |
| 1 |
|
700 1 |
| a |
|
Люлли |
| b |
|
Ж. |
| 1 |
|
2001 |
| a |
|
Гавот |
| 464 |
Аналитический уровень |
_0 |
| 1 |
|
700 1 |
| a |
|
Бах |
| b |
|
И. С. |
| 1 |
|
2001 |
| a |
|
Ария |
| 464 |
Аналитический уровень |
_0 |
| 1 |
|
700 1 |
| a |
|
Бах |
| b |
|
Ф. Э. |
| 1 |
|
2001 |
| a |
|
Сольфеджио |
| 464 |
Аналитический уровень |
_0 |
| 1 |
|
700 1 |
| a |
|
Моцарт |
| b |
|
В. А. |
| 1 |
|
2001 |
| a |
|
Турецкое рондо из Сонаты Ля мажор |
| 1 |
|
50010 |
| a |
|
Соната Ля мажор |
| 464 |
Аналитический уровень |
_0 |
| 1 |
|
700 1 |
| a |
|
Шуберт |
| b |
|
Ф. |
| 1 |
|
2001 |
| a |
|
Серенада |
| 464 |
Аналитический уровень |
_0 |
| 1 |
|
700 1 |
| a |
|
Грибоедов |
| b |
|
А. |
| 1 |
|
2001 |
| a |
|
Вальс |
| 464 |
Аналитический уровень |
_0 |
| 1 |
|
700 1 |
| a |
|
Огинский |
| b |
|
М. |
| 1 |
|
2001 |
| a |
|
Полонез |
| 464 |
Аналитический уровень |
_0 |
| 1 |
|
700 1 |
| a |
|
Шопен |
| b |
|
Ф. |
| 1 |
|
2001 |
| a |
|
Вальс |
| e |
|
соч. 69 № 2 |
| 464 |
Аналитический уровень |
_0 |
| 1 |
|
700 1 |
| a |
|
Штраус |
| b |
|
И. |
| 1 |
|
2001 |
| a |
|
На прекрасном голубом Дунае |
| 464 |
Аналитический уровень |
_0 |
| 1 |
|
700 1 |
| a |
|
Чайковский |
| b |
|
П. |
| 1 |
|
2001 |
| a |
|
Баркарола |
| e |
|
из цикла "Времена года" |
| 1 |
|
50010 |
| a |
|
Времена года |
| 464 |
Аналитический уровень |
_0 |
| 1 |
|
700 1 |
| a |
|
Чайковский |
| b |
|
П. |
| 1 |
|
2001 |
| a |
|
Сентиментальный вальс |
| e |
|
соч. 51 № 6 |
| 464 |
Аналитический уровень |
_0 |
| 1 |
|
700 1 |
| a |
|
Брамс |
| b |
|
И. |
| 1 |
|
2001 |
| a |
|
Венгерский танец № 5 |
| 464 |
Аналитический уровень |
_0 |
| 1 |
|
700 1 |
| a |
|
Верди |
| b |
|
Дж. |
| 1 |
|
2001 |
| a |
|
Триумфальный марш из оперы "Аида" |
| e |
|
фрагмент |
| 1 |
|
50010 |
| a |
|
Аида |
| 464 |
Аналитический уровень |
_0 |
| 1 |
|
700 1 |
| a |
|
Дебюсси |
| b |
|
К. |
| 1 |
|
2001 |
| a |
|
Маленький негритенок |
| 464 |
Аналитический уровень |
_0 |
| 1 |
|
700 1 |
| a |
|
Монти |
| b |
|
Ф. |
| 1 |
|
2001 |
| a |
|
Чардаш |
| 464 |
Аналитический уровень |
_0 |
| 1 |
|
700 1 |
| a |
|
Свиридов |
| b |
|
Г. |
| 1 |
|
2001 |
| a |
|
Вальс из музыкальных иллюстраций к повести А. Пушкина "Метель" |
| 1 |
|
50010 |
| a |
|
Метель |
| 464 |
Аналитический уровень |
_0 |
| 1 |
|
700 1 |
| a |
|
Бах |
| b |
|
И. С. |
| 1 |
|
2001 |
| a |
|
Шутка |
| e |
|
из оркестровой сюиты си минор |
| 1 |
|
50010 |
| a |
|
Сюита си минор |
| 464 |
Аналитический уровень |
_0 |
| 1 |
|
700 1 |
| a |
|
Шуберт |
| b |
|
Ф. |
| 1 |
|
2001 |
| a |
|
Вальс |
| 464 |
Аналитический уровень |
_0 |
| 1 |
|
700 1 |
| a |
|
Мендельсон |
| b |
|
Ф. |
| 1 |
|
2001 |
| a |
|
Свадебный марш из музыки к комедии В. Шекспира "Сон в летнюю ночь" |
| 1 |
|
50010 |
| a |
|
Сон в летнюю ночь |
| 464 |
Аналитический уровень |
_0 |
| 1 |
|
700 1 |
| a |
|
Чайковский |
| b |
|
П. |
| 1 |
|
2001 |
| a |
|
Танец пастушков из балета "Щелкунчик" |
| 1 |
|
50010 |
| a |
|
Щелкунчик |
| 464 |
Аналитический уровень |
_0 |
| 1 |
|
700 1 |
| a |
|
Чайковский |
| b |
|
П. |
| 1 |
|
2001 |
| a |
|
Танец маленьких лебедей из балета "Лебединое озеро" |
| 1 |
|
50010 |
| a |
|
Лебединое озеро |
| 606 |
Тематические рубрики |
0_ |
| a |
Основная рубрика |
Фортепиано - нотные издания |
| x |
Основная подрубрика |
Переложения для фортепиано облегченные |
| x |
Основная подрубрика |
Фортепианные ансамбли |
| 610 |
Ключевые слова |
0_ |
| a |
Ключевые слова |
фортепиано - нотные издания; переложения для фортепиано облегченные; ансамбли фортепианные |
| 686 |
Индексы других классификаций |
__ |
| 2 |
Код системы |
rubbk |
| a |
Классификационный индекс |
85.954.2-09я43 |
| 686 |
Индексы других классификаций |
__ |
| a |
Классификационный индекс |
85.952.42-09я43 |
| 2 |
Код системы |
rubbk |
| 801 |
Источник записи |
_0 |
| a |
Страна |
RU |
| b |
Организация |
Ульяновская ОНБ |
| c |
Дата составления |
20250814 |
| g |
Правила каталогизации |
RCR |
| 801 |
Источник записи |
_1 |
| a |
Страна |
RU |
| b |
Организация |
Ульяновская ОНБ |
| c |
Дата составления |
20250814 |
| g |
Правила каталогизации |
RCR |
| 900 |
Электронные ресурсы |
__ |
| a |
Имя электронного ресурса |
гф1449 |
| 900 |
Электронные ресурсы |
__ |
| a |
Имя электронного ресурса |
гф1450 |
| 901 |
Тип документа |
__ |
| t |
Тип документа |
n |
| w |
Контрольный № источника |
UONB/MAIN/7ea77834876646f5b866c3cfdcf3a324 |
| 909 |
Создатель записи |
__ |
| a |
Создатель записи |
Цуканова |
| b |
Дата создания записи |
20250814 |
| 910 |
Корректоры записи |
__ |
| a |
Корректор записи |
Никитина Т. А. |
| b |
Дата внесения изменения в запись |
20251002 |